| 000 | 00733nam a2200181Ia 4500 | ||
|---|---|---|---|
| 008 | 220216s9999 xx 000 0 und d | ||
| 100 |
_aSenevirathna A M W K _cet al |
||
| 245 | 0 | _aClimate related scion dieback of young budded rubber (Hevea brasiliensis Muell. Arg) plants at nursery stage | |
| 260 | _bClimate change, low carbon economy and sustainable natural rubber industry: Preprints of proceedings of IRRDB International Rubber Conference 2010, 18-19 October 2010 Sanya, Hainan, China, pp. 131-137. | ||
| 650 | _aHigh vigor plants | ||
| 650 | _aHot and dry climate | ||
| 650 | _aLow vigor plants | ||
| 650 | _aRestacking | ||
| 650 | _aScion dieback | ||
| 650 | _aShade | ||
| 650 | _aYoung budding plants | ||
| 942 | _cJS | ||
| 999 |
_c55697 _d55697 |
||